00871 2200313 4500001002100000005001500021035002000036007000300056040001200059100002300071245009800094250001000192300002400202504002600226020001800252041000800270082001000278084001600288090002000304264002700324336002100351337003000372338002300402650004100425850001000466008004100476990002000517990002000537INLIS00000000000682220260410015310 a0010-0622000157ta aSBPUPAD0 aSuyatnoePengarang1 aTeknik Pembelajaran Bahasa dan Sastra :bBerdasarkan Kurikulum Berbasis Kompetensi /cSuyatno aCet.1 aii,153 hlm ;c21 cm aBibliografi, hlm 153 a979-9414-18-01 aind a372.6 a372.6 SUY t a372.6 SUY t 9-9 aSurabaya :bSIC,c2004 2rdacontentaTeks 2rdamediaaTanpa Perantara 2rdacarrieravolume 4aMetode Pembelajaran-Bahasa Indonesia aPUPAD260410 0  a26.240/H/DPK/18 a26.241/H/DPK/18